000
00348 a2200169 4500
001
45850
020
_a
8506012139
040
_c
Anchieta - Aquarius
100
_a
Place, Robin
240
1
0
_a
Os Celtas
_l
por
245
1
0
_a
Os Celtas
300
_a
60
362
0
_a
1997
440
1
_a
Melhoramentos
650
4
_a
Celtas Civilização
942
_c
BK
999
_c
45850
_d
45850